Top 10 des pays par niveau scolaire selon le classement PISA - Statistiques

Statistiques générales
  • Ce quiz a été pris 107 fois
  • Le résultat moyen est 6 sur 10
Statistiques - réponses
Rangs Pays Nombre de points % Correct
2e Japon Math : 536 ; Lecture : 516 ; Sciences : 547
96%
3e Corée du Sud Math : 527 ; Lecture : 515 ; Sciences : 528
84%
6e Canada Math : 497 ; Lecture : 507 ; Sciences : 515
80%
5e Suisse Math : 508 ; Lecture : 483 ; Sciences : 503
66%
10e Danemark Math : 489 ; Lecture : 489 ; Sciences : 494
60%
1er Singapour Math : 575 ; Lecture : 543 ; Sciences : 561
58%
7e Pays-Bas Math : 493 ; Lecture : 459 ; Sciences : 488
57%
9e Belgique Math : 489 ; Lecture : 479; Sciences : 491
56%
8e Irlande Math : 492 ; Lecture : 516 ; Sciences : 504
51%
4e Estonie Math : 510 ; Lecture : 511 ; Sciences : 526
24%
Aucun quiz correspondant
Distribution des résultats
% des personnes avec chaque résultat
Percentile par nombre de réponses
Votre historique - résultats
Vous n’avez pas pris ce quiz